ბათუმის შოთა რუსთაველის სახელმწიფო უნივერსიტეტის ბიბლიოთეკა

Неорганическая химия (ბიბ.ჩანაწერი № 42860)

000 -LEADER
fixed length control field 00730nam a2200241Ia 4500
001 - CONTROL NUMBER
control field 9568
003 - CONTROL NUMBER IDENTIFIER
control field GE_BSU
008 - FIXED-LENGTH DATA ELEMENTS--GENERAL INFORMATION
fixed length control field 181216s||||||||xx |||||||||||||| ||und||
020 ## - INTERNATIONAL STANDARD BOOK NUMBER
International Standard Book Number 9785991619042
040 ## - CATALOGING SOURCE
Transcribing agency GE_BSU
080 ## - UNIVERSAL DECIMAL CLASSIFICATION NUMBER
Universal Decimal Classification number 547(075.8)
100 ## - MAIN ENTRY--PERSONAL NAME
Personal name Князев,Д.А. Смарыгин,С.Н.
245 ## - TITLE STATEMENT
Title Неорганическая химия
245 ## - TITLE STATEMENT
Remainder of title Уч-к для бакалавров
260 ## - PUBLICATION, DISTRIBUTION, ETC.
Place of publication, distribution, etc. Москва
260 ## - PUBLICATION, DISTRIBUTION, ETC.
Name of publisher, distributor, etc. Юрайт
260 ## - PUBLICATION, DISTRIBUTION, ETC.
Date of publication, distribution, etc. 2014
300 ## - PHYSICAL DESCRIPTION
Extent 592стр.22 см.
520 ## - SUMMARY, ETC.
Summary, etc. Книга доступна в электронной библиотечной системе biblio-inline.ru
653 ## - INDEX TERM--UNCONTROLLED
Uncontrolled term Неорганическая химия
942 ## - ADDED ENTRY ELEMENTS (KOHA)
Koha item type წიგნი
ეგზემპლარები
Withdrawn status Lost status Damaged status Not for loan Date acquired Barcode Date last seen Price effective from Koha item type
        2018-12-17 32664 2018-12-17 2018-12-17 წიგნი
        2018-12-17 32665 2018-12-17 2018-12-17 წიგნი
        2018-12-17 32666 2018-12-17 2018-12-17 წიგნი